Gặp lại dòng sông Tiểu thuyết
Sparad:
| Huvudupphovsman: | |
|---|---|
| Materialtyp: | Bok |
| Publicerad: |
H.
Lao động
1986
|
| Ämnen: | |
| Taggar: |
Lägg till en tagg
Inga taggar, Lägg till första taggen!
|
| Thư viện lưu trữ: | Trung tâm Học liệu Lê Vũ Hùng, Trường Đại học Đồng Tháp |
|---|
| LEADER | 00719pam a22002178a 4500 | ||
|---|---|---|---|
| 001 | 00019691 | ||
| 005 | 20171026081022.0 | ||
| 008 | 110507s1986 ||||||Viesd | ||
| 041 | 0 | # | |a Vie |
| 082 | 1 | 4 | |a 895.922 33 |b G117L |
| 100 | 0 | # | |a Hoàng Minh Tường |
| 245 | 0 | 0 | |a Gặp lại dòng sông |b Tiểu thuyết |c Hoàng Minh Tường |
| 260 | # | # | |a H. |b Lao động |c 1986 |
| 300 | # | # | |a 247 tr. |c 19 cm. |
| 650 | # | 4 | |a Văn học hiện đại |
| 653 | # | # | |a Tiểu thuyết |
| 852 | # | # | |b Kho mượn |j KM.0009528 |
| 852 | # | # | |b Kho đọc |j KD.0005122 |
| 852 | # | # | |j KM.0009528 |j KD.0005122 |
| 910 | |d 07/05/2011 | ||
| 980 | # | # | |a Trung tâm Học liệu Lê Vũ Hùng, Trường Đại học Đồng Tháp |